Expedition 33 Areas - Statistics

General Stats
  • This quiz has been taken 44 times
  • The average score is 22 of 57
Answers on the Map
Answers color-coded by a green-red scale on the quiz's map according to % correct below.
 
Answer Stats
Answer % Correct
Lumiere
97%
The Monolith
90%
Flying Waters
86%
Old Lumiere
86%
Endless Tower
83%
Gestral Beach
83%
Monoco's Station
79%
Sirene
76%
Visages
76%
Gestral Village
72%
Hidden Gestral Arena
62%
Renoir's Drafts
62%
Stone Wave Cliffs
62%
Forgotten Battlefield
59%
Spring Meadows
59%
Flying Manor
52%
Yellow Harvest
52%
Esquie's Nest
48%
Frozen Hearts
48%
Ancient Sanctuary
45%
Dark Shores
45%
Dark Gestral Arena
41%
The Crows
41%
The Reacher
38%
Crimson Forest
34%
The Canvas
34%
Abbest Cave
31%
Flying Casino
31%
Painting Workshop
31%
Sirene's Dress
31%
Stone Wave Cliffs Cave
31%
Falling Leaves
28%
The Fountain
28%
White Sands
28%
Red Woods
24%
The Carousel
24%
Endless Night Sanctuary
21%
Sacred River
21%
The Meadows
21%
Crushing Cavern
17%
Isle of the Eyes
17%
Sinister Cave
17%
The Chosen Path
17%
The Small Bourgeon
17%
Ancient Gestral City
14%
Blades Graveyard
14%
Floating Cemetery
14%
Inside of Monolith
14%
Stone Quarry
14%
White Tree
14%
Boat Graveyard
10%
Coastal Cave
10%
Sky Island
10%
Esoteric Ruins
7%
Lost Woods
7%
Twilight Quarry
7%
Sunless Cave
3%
No matching quizzes found
Score Distribution
Percent of People with Each Score
Percentile by Number Answered
Your Score History
You have not taken this quiz